Design & Fabrication of PLC Controlled Lathe Trainer (Record no. 58533)

MARC details
000 -LEADER
fixed length control field 00400nam a2200157Ia 4500
100 ## - MAIN ENTRY--AUTHOR NAME
Personal name 12ME108
100 ## - MAIN ENTRY--AUTHOR NAME
Personal name Sohail Pitafi
245 #0 - TITLE STATEMENT
Title Design & Fabrication of PLC Controlled Lathe Trainer
260 ## - PUBLICATION, DISTRIBUTION, ETC. (IMPRINT)
Place of publication Nawabshah
260 ## - PUBLICATION, DISTRIBUTION, ETC. (IMPRINT)
Name of publisher QUEST
260 ## - PUBLICATION, DISTRIBUTION, ETC. (IMPRINT)
Year of publication 2012
300 ## - PHYSICAL DESCRIPTION
Number of Pages 48
700 ## - ADDED ENTRY--PERSONAL NAME
Personal name Department of Mechanical Engineering
Holdings
Withdrawn status Lost status Home library Current library Date acquired Accession Number Koha item type
    Central Library, QUEST, Nawabshah Research Section 24/04/2018 MEP/26-348 Thesis and Dissertation